000 00676nam a2200241Ia 4500
003 OSt
005 20220926023639.0
006 a|||||r|||| 00| 0
007 ta
008 220923b |||||||| |||| 00| 0 eng d
020 _a0878721312
037 _cGeneral Book
040 _aRTL
_cRTL
_beng
041 _2eng
_aeng
082 _aU2, L7
100 _aOliver John E
_994936
245 0 _aPerpectives on applied physical geogrpahy north Sc
260 _aNorth
_bScituate Duxbury Press
_c1977
300 _axiv,315p. Glossary p. 300-07
_ccm.
650 _aPhysical Geography
942 _hU2, L7
_cGB
_2CC
999 _c642051
_d642051